The thermodynamics problem solver (Record no. 150902)

MARC details
000 -LEADER
fixed length control field 00693nam a22001817a 4500
005 - DATE AND TIME OF LATEST TRANSACTION
control field 20260525131834.0
008 - FIXED-LENGTH DATA ELEMENTS--GENERAL INFORMATION
fixed length control field 190904b nyu||||| |||| 00| 0 eng d
020 ## - INTERNATIONAL STANDARD BOOK NUMBER
International Standard Book Number 0878915559
050 04 - LIBRARY OF CONGRESS CALL NUMBER
Classification number QC311.28
Item number T44 1984
245 04 - TITLE STATEMENT
Title The thermodynamics problem solver
Remainder of title : a complete solution guide to any textbook
Statement of responsibility, etc / M. Fogield, chief editor ; special chapter reviews by Ralph W. Pike
250 ## - EDITION STATEMENT
Edition statement 1a ed.
260 ## - PUBLICATION, DISTRIBUTION, ETC. (IMPRINT)
Place of publication, distribution, etc New York :
Name of publisher, distributor, etc Research and Education Association,
Date of publication, distribution, etc 1984.
300 ## - PHYSICAL DESCRIPTION
Extent xii, 979 p. :
Other physical details il. ;
Dimensions 25 cm.
650 #7 - SUBJECT ADDED ENTRY--TOPICAL TERM
Source of heading or term lemb
Topical term or geographic name as entry element Termodinámica
Form subdivision Problemas, ejercicios
700 1# - ADDED ENTRY--PERSONAL NAME
Personal name Fogiel, M.,
Relator term editor
Fuller form of name (Max)
700 1# - ADDED ENTRY--PERSONAL NAME
Personal name Pike, Ralph W.,
Dates associated with a name 1935-
Relator term colaborador
942 ## - ADDED ENTRY ELEMENTS (KOHA)
Source of classification or shelving scheme Biblioteca del Cogreso de los Estados Unidos
Koha item type Libro
Holdings
Estado de pérdida Fuente de clasificación Estado del daño No para préstamo Ubicación permanente Ubicación actual Apartado o colección Fecha de adquisición Fuente de adquisición Edición Área del conocimiento Clasificación Código de Barras Date last seen Número de copia Costo por reposición Tipo de recurso Total Checkouts Total Renewals Date checked out
  Biblioteca del Cogreso de los Estados Unidos     Biblioteca de la Facultad de Ingeniería Eléctrica Biblioteca de la Facultad de Ingeniería Eléctrica General 04/09/2019 Unidad Académica 1a ed. Ciencias Naturales y Exactas QC311.28 T44 1993 BIE000003116 04/09/2019 1 1.00 Libro      
  Biblioteca del Cogreso de los Estados Unidos     Biblioteca de la Facultad de Ingeniería Química Biblioteca de la Facultad de Ingeniería Química General 25/05/2026 Donación 1a ed. Ciencias Naturales y Exactas QC311.28 T44 r1987 BIQO000003265 25/05/2026 1 1.00 Libro      
  Biblioteca del Cogreso de los Estados Unidos     Biblioteca del Instituto de Investigación en Metalurgia y Materiales Biblioteca del Instituto de Investigación en Metalurgia y Materiales General 11/05/2023   1a ed. Ciencias Naturales y Exactas QC311.28 T44 1993 BIIM000000845 23/10/2024 1 1.00 Libro 1 1 17/10/2024